| 000 | 00794nam a22002177a 4500 | ||
|---|---|---|---|
| 999 |
_c19034 _d19034 |
||
| 003 | AR-CdUCM | ||
| 008 | 190304b ||||| |||| 00| 0 spa d | ||
| 020 | _a978-9972-229-24-4 | ||
| 040 |
_aMUNICIPALIDAD PROVINCIAL DEL CUSCO _cBIBLIOTECA MUNICIPAL DEL CUSCO |
||
| 082 |
_a343.8 / _bB35 |
||
| 100 |
_aBelaúnde Guinassi, Manuel _940093 |
||
| 245 | _aCódigo tributario concordado y comentado / | ||
| 260 |
_aLima : _bDesarrollo, _c1970. |
||
| 300 |
_a743 páginas ; _c25 cm. |
||
| 505 | _aContenido : Relación jurídica tributaria -- Nacimiento de la obligación tributaria -- Reclamación de recursos... | ||
| 650 |
_aObligación tributaria _940094 |
||
| 650 |
_aLegislación complementaria _940095 |
||
| 650 |
_aResoluciones supremas _931640 |
||
| 942 |
_2ddc _cLIBROS |
||
| 945 | _arcc | ||